000 00426nam a22001577a 4500
020 _a978935121612-4
082 _a823
_bHAG/K
100 _aHAGGARD, RIDER H
245 _aKING SOLOMON'S MINES
_bILLUSTRATED CLASSICS
246 _aKING SOLOMON'S MINES
_bILLUSTRATED CLASSICS
260 _aNEW DELHI
_bBPI INDIA PVT LTD
_c2017
300 _a144
520 _aILLUSTRATED CLASSICS
650 _aILLUSTRATED CLASSICS
942 _cBK
999 _c2826
_d2826